000
00240nam a22001217a 4500
040
_c
SY
082
_a
631
100
_a
PRENTICE
245
_a
The nature and properties of soils
260
_a
RUA
_b
PRE
_c
2001
300
_a
621p.
942
_c
EK
999
_c
9632
_d
9632